000 00325nam a2200133Ia 4500
008 240624s9999 xx 000 0 und d
041 _aeng
082 _a005.74 DAT
100 _aDATE C J
245 _aINTRODUCTION TO DATABASE SYSTEMS
260 _c2003
_aNew Delhi
_bPearson Education
300 _axxii, : 938
365 _cRS
999 _c1869
_d1869